Cités Grec - Map Quiz - Statistiques

Statistiques générales
  • Ce quiz a été pris 222 fois
    176 depuis la dernière actualisation
  • Le résultat moyen est 10 sur 23
Réponses sur la Carte
Les réponses sont colorées sur une échelle allant du rouge au vert en fonction du pourcentage des utilisateurs qui les ont devinées à leur premier essai. Vous pouvez retrouver ces pourcentages ci-dessous.
 
Statistiques - réponses
Réponse % Correct
Athènes
85%
Sparte
80%
Delphes
65%
Rhodes
65%
Marathon
63%
Olympie
63%
Corinthe
59%
Délos
54%
Thèbes
43%
Milet
37%
Halicarnasse
35%
Mégare
35%
Thasos
33%
Colophon
28%
Ephèse
26%
Pergame
26%
Phocée
26%
Platées
24%
Sicyone
24%
Amphipolis
22%
Smyrne
22%
Dodone
20%
Stagire
17%
Aucun quiz correspondant
Distribution des résultats
% des personnes avec chaque résultat
Percentile par nombre de réponses
Votre historique - résultats
Vous n’avez pas pris ce quiz depuis la dernière actualisation